Every Sheffield Wednesday Player (2020-) Quiz Stats

 Plays Quiz not verified by Sporcle

Support Sporcle.
Go Orange.
Score 0/45 Timer 10:00
0 Plays Today
Player % Correct
Cameron Dawson
100%
Keiren Westwood
100%
Callum Paterson
100%
Liam Palmer
96.4%
Matt Penney
95%
Barry Bannan
94.6%
Kieran Lee
94.6%
Tom Lees
94.6%
Joost van Aken
93.8%
Joe Wildsmith
93.5%
Julian Borner
92.9%
Steven Fletcher
92.9%
Morgan Fox
91.1%
Adam Reach
91.1%
Atdhe Nuhiu
91.1%
Josh Windass
91.1%
Liam Shaw
90.5%
Jacob Murphy
89.3%
Fernando Forestieri
89.3%
Sam Hutchinson
87.5%
Ryan Galvin
86.7%
Dominic Iorfa
83.9%
Ciaran Brennan
78.9%
Player % Correct
Liam Waldock
78.9%
Kadeem Harris
78.6%
Alex Hunt
78.6%
Moses Odubajo
78.3%
Joey Pelupessy
76.8%
Connor Wickham
76.8%
Aden Flint
76.5%
Sam Winnall
75%
Jordan Rhodes
75%
Izzy Brown
75%
Massimo Luongo
71.4%
Andre Green
71.4%
Charles Hagan
68.4%
Declan Eratt-Thompson
66.7%
Alessio Da Cruz
66.1%
Elias Kachunga
65%
Jack Marriott
64.7%
Osaze Urhoghide
64.3%
Fisayo Dele-Bashiru
60%
Chey Dunkley
60%
Connor Grant
47.4%
Isaac Rice
40%

You're not logged in!

Compare scores with friends on all Sporcle quizzes.
OR
Log In

From the Vault

Famous Movie Children

by MrChewypoo

They're cute and all, we just wish they'd get off our lawn.
Remove Ads.
Support Sporcle.
Get the best of Sporcle when you Go Orange. This ad-free experience offers more features, more stats, and more fun while also helping to support Sporcle. Thank you for becoming a member.

Show Comments

Extras

Top Quizzes Today


Score Distribution

Your Account Isn't Verified!

In order to create a playlist on Sporcle, you need to verify the email address you used during registration. Go to your Sporcle Settings to finish the process.

Report this User

Report this user for behavior that violates our Community Guidelines.

Details: